Sports Quiz

Random Sports or Year Quiz
Score 0/10 Timer 05:00
0 Plays Today
Games Player % Correct
212Eric Gordon
95%
291Patrick Beverley
90.5%
144Kevin Martin
60.9%
222Luis Scola
60.3%
166Aaron Brooks
59.2%
295Clint Capela
48%
183Dwight Howard
39.7%
382Trevor Ariza
39.1%
545James Harden
35.8%
213Chandler Parsons
35.2%
Remove Ads.
Support Sporcle.
Get the best of Sporcle when you Go Orange. This ad-free experience offers more features, more stats, and more fun while also helping to support Sporcle. Thank you for becoming a member.

You're not logged in!

Compare scores with friends on all Sporcle quizzes.
OR
Log In

Show Comments

Extras

Top Quizzes Today


Score Distribution

Your Account Isn't Verified!

In order to create a playlist on Sporcle, you need to verify the email address you used during registration. Go to your Sporcle Settings to finish the process.

Report this User

Report this user for behavior that violates our Community Guidelines.

Details: